Globalisation Enquiry 2 - Statistics

General Stats
  • This quiz has been taken 3 times
    0 since last reset
  • The average score is 0 of 116
Answer Stats
Hint Answer % Correct
Asian adult obesity 1990 0.9%
0%
Number of central London properties owned 10,000
0%
Number of central London properties owned by Russians involved in corruption +year 100, 2022
0%
China: active coal stations 1100
0%
Paralympics participation +years 1400, 1988-2020
0%
Detroit polution fell from X to X by 2019 1.5 million, 0.67 million
0%
India set up 3 technological parks in... 1990
0%
Dharavi turnover 1 billion
0%
Dharavi population 1 million
0%
China: % land subject to desertification and erosion 20%
0%
Qatar: high death rate among... 2022 World Cup Stadium workers
0%
Mumbai population increased to 20.4 million
0%
Paralympics 2016 viewings 2.15 million
0%
Dharavi size 2km2
0%
Detroit vacant buildings in 1970s 30%
0%
Megacities in 2018 33
0%
Glasgow derelict buildings 4%
0%
Megacities predicted by 2030 43
0%
Asian adult obesity 2015 4.3%
0%
China: % world's coal +year 50.2%, 2018
0%
China: % rivers/lakes pollution + groundwater pollution 50%, 40%
0%
Glasgow: X live within X of a derelict building 53%, 500
0%
% global population living in urban areas +year 55%, 2018
0%
Mumbai population increase +years 560%, 1950-2020
0%
Qatar: Indian workers 700,000
0%
Qatar: % immigrant population +year 73%, 2020
0%
China: length of high speed railway +years 8000km (2016-2020)
0%
China: poverty reduction +years 800 million (1980-2022)§
0%
India: % of 25 year olds with a degree +year 9, 2011
0%
China: environmental impacts African resources
0%
Global shift costs | RTU environmental challenges Air and water pollution
0%
China: environmental impacts Air pollution
0%
Cultural erosion types Architecture
0%
Cultural diffusion: exchange of _____ and _____ between different people Beliefs, values
0%
Global shift costs Biodiversity loss
0%
Transformationalists key words (3) Changing cultural ideas
0%
RTU push factors Climate conditions
0%
Cultural erosion types Clothes
0%
Negative impacts of cultural diffusion Consumption
0%
Deindustrialisation impacts Contamination
0%
Global sceptics key words (2) Core, periphery
0%
Deindustrialisation impacts Crime
0%
Dharavi: common open... Defacation
0%
RTU environmental challenges Deforestation
0%
Cultural erosion: _________ of _______ _______ due to the spread of ______ _____ Degradation, traditional lifestyles, western culture
0%
Deindustrialisation impacts Depopulation
0%
Deindustrialisation impacts Dereliction
0%
Impacts of land degradation Desertification
0%
Mumbai's largest slum Dharavi
0%
Qatar: jobs for Indian workers Domestic servants
0%
Dharavi: common disease Dysentry
0%
Global shift benefits Education
0%
Global hub migration Elite migrants
0%
London: ____ ________ of ______ ______ to access UK ____ and _____ _____, investing in properties and businesses to avoid ____ elite migration, russian oligarchs, banks, private schools, taxes
0%
RTU pull factors | RTU push factors | Russian migration local impacts Employment
0%
Causes of biodiversity loss | Cultural erosion types Environmental degradation
0%
Positive impacts of cultural diffusion Environmental protection
0%
RTU environmental challenges Farmland loss
0%
RTU environmental challenges Flood risk
0%
Cultural erosion types Food
0%
Global shift: movement of the _____ ________ _____ _ _____ towards Asia due to ________ and ________ through ___ since 1980 Global economic centre of gravity, offshoring, outsourcing, FDI
0%
Protest groups Global Justice Movement
0%
Cultural diffusion factors Global media
0%
Positive impacts of cultural diffusion Global media coverage
0%
Opposition to globalisation Global sceptics
0%
Causes of biodiversity loss Habitat destruction
0%
RTU pull factors Healthcare
0%
Global hubs: _____ ________ cities that are ____ ____ for ____ ______, often with large _________ populations Highly connected, focal point, global activity, multicultural
0%
Global hub migration High-wage professionals
0%
RTU pull factors High wages
0%
Russian migration local impacts Housing inflation
0%
Opposition to globalisation Hyperglobalists
0%
Global shift costs Inequality
0%
Hyperglobalists key words (2) Inevitable, unstoppable
0%
Global shift benefits Infrastructure investment
0%
Global shift costs | RTU push factors Land degradation
0%
Cultural erosion types Language
0%
RTU social challenges Little investment
0%
Impacts of land degradation Loss of productive land
0%
Global hub migration Low-skill, low-wage
0%
Deindustrialisation: closure of ___________ ________ and the subsequent ________ ___________ Manufacturing industries, economic restructuring
0%
RTU push factors Mechanisation
0%
Cultural diffusion factors Migration
0%
Cultural erosion types Music
0%
Protest groups Occupy Wall Street
0%
Positive impacts of cultural diffusion Opportunities for disadvantaged people
0%
RTU push factors Poor conditions
0%
RTU social challenges Poverty
0%
Global shift benefits Poverty reduction
0%
Global shift costs Rapid urbanisation
0%
Global shift costs Resource exploitation
0%
Global shift costs | RTU environmental challenges Resource pressure
0%
RTU social challenges Sanitation
0%
RTU pull factors Schools
0%
RTU social challenges Shanty towns
0%
RTU social challenges Slums
0%
Cultural erosion types Social relations
0%
Impacts of land degradation Soil erosion
0%
Positive impacts of cultural diffusion Sustainable development
0%
Negative impacts of cultural diffusion TNC action
0%
Cultural diffusion factors TNCs
0%
Cultural diffusion factors Tourism
0%
Qatar: jobs for Indian workers Tourist and recreational facilities
0%
Global shift benefits Training
0%
Opposition to globalisation Transformationalists
0%
Deindustrialisation impacts Unemployment
0%
Global shift benefits Waged work
0%
RTU social challenges Water resources
0%
China: environmental impacts Water stress
0%
Negative impacts of cultural diffusion Western diets
0%
No matching quizzes found
Score Distribution
Percent of People with Each Score
Percentile by Number Answered
Your Score History
You have not taken this quiz since the last reset